| 000 | 00707nac a22002051u 4500 | ||
|---|---|---|---|
| 010 | _a 90003435 | ||
| 020 | _a0816019355 (alk. paper) | ||
| 082 | 0 | 0 |
_a364.152409 _bSIF |
| 090 |
_c9504 _d9504 |
||
| 100 | _aSifakis, Carl. | ||
| 245 | 1 | 0 |
_aEncyclopedia of assassinations / _cCarl Sifakis. |
| 260 |
_aNew York : _bFacts on File,1991. _cc1991. |
||
| 300 |
_aix, 228 p. : _bill. ; _c29 cm. |
||
| 500 | _aDistributer: Al-Ahram | ||
| 504 | _aIncludes bibliographical references and index. | ||
| 511 | _aCatalogued by: Sara | ||
| 650 | 0 |
_aAssassination _xHistory _xEncyclopedias. |
|
| 650 | 0 |
_aMurder victims _xBiography _xDictionaries. |
|
| 942 |
_cNB _k364.152409SIF |
||
| 999 |
_c9504 _d9504 |
||